000 00583nam a2200169 i 4500
001 37946
003 ES-MaACL
005 20230906155653.0
007 t|
008 030224s1962 sp ||||1| spa d
100 1 _aCaillois, Roger.
_933463
245 1 0 _aMedusa y Cía
_b: pintura, camuflaje, disfraz y fascinación en la naturaleza y el hombre /
_cRoger Caillois ; traducción española de Manuel F. Delgado.
260 _aBarcelona :
_bSeix Barral,
_c1962.
300 _a158 p., 10 lám. ;
_c18 cm.
700 1 _aDelgado, Manuel F.
_943423
852 _aES-MaACL
_jC-21717
_bR.49960
999 _c37946
_d37946